| 000 | 01278cam a2200361 a 4500 | ||
|---|---|---|---|
| 999 |
_c853 _d853 |
||
| 001 | 14657192 | ||
| 003 | OSt | ||
| 005 | 20180827101805.0 | ||
| 008 | 061206s2005 ii af b 100 0 eng | ||
| 010 | _a 2006454265 | ||
| 020 | _a8172148542 | ||
| 025 | _aI-E-2006-454265; 13 | ||
| 037 |
_bLibrary of Congress -- New Delhi Overseas Office _cRs125.00 ($8.00 U.S.) |
||
| 040 |
_aDLC _cDLC |
||
| 042 | _alcode | ||
| 043 | _aa-ii--- | ||
| 050 | 0 | 0 |
_aBV2020 _b.E44 2005 |
| 082 |
_a266 _bO981E |
||
| 245 | 0 | 0 |
_aEmerging mission : _bCMC/IEM report, Bangalore / _cedited by Mark Oxbrow and Emma Garrow. |
| 260 |
_aDelhi : _bIndian Society for Promoting Christian Knowledge, _c2005. |
||
| 300 |
_axi, 135 p.,[8] p. of plates: _bill. ; _c23 cm. |
||
| 504 | _aIncludes bibliographical references. | ||
| 520 | _aContributed research papers presented at a consultation in Bangalore, India in November 2004. | ||
| 650 | 0 |
_aMissions _vCongresses. |
|
| 650 | 0 |
_aMissions _xStudy and teaching _vCongresses. |
|
| 700 | 1 |
_aOxbrow, Mark, _d1971- |
|
| 700 | 1 | _aGarrow, Emma. | |
| 710 | 2 | _aChurch Mission Society. | |
| 710 | 2 | _aIndian Evangelical Mission (Bangalore, India) | |
| 906 |
_a7 _bcbc _corigode _d3 _encip _f20 _gy-gencatlg |
||
| 942 |
_2ddc _cBK |
||